000 00539nam a2200193Ia 4500
005 20250508162243.0
008 008 250505s9999 xx 000 0 eng d
037 _aTextual
040 _aFEDL
_beng
_cFEDL
041 _aeng
_2eng
084 _a370.11, GUP
_qFEDL
100 _aGupta Shanti Nath
245 0 _aIndian concept of values
260 _aNew Delhi, India
_bManohar Publications
_c1978
300 _ax,197p.
650 _aEducation - Philosophy
942 _cTEXL
_h370.11, GUP
999 _c1375393
_d1375393